000
00305nam a2200109Ia 4500
008
220204s9999 xx 000 0 und d
082
_a
382.6(058.7)
_b
DIR
245
0
_a
Directory of Indian exporters
250
_a
Ed.18
260
_a
India
_b
Dept of Commercial Intelligence and Statistics
_c
1972
942
_c
BK
999
_c
23164
_d
23164